UBT Library

KIRURGJIA LAPAROSKOPIKE (Record no. 18269)

000 -LEADER
fixed length control field 00293nam a22001337a 4500
008 - FIXED-LENGTH DATA ELEMENTS--GENERAL INFORMATION
fixed length control field 170620b xxu||||| |||| 00| 0 eng d
020 ## - INTERNATIONAL STANDARD BOOK NUMBER
International Standard Book Number 9789951230063
041 ## - LANGUAGE CODE
Language code of text/sound track or separate title alb
080 ## - UNIVERSAL DECIMAL CLASSIFICATION NUMBER
Universal Decimal Classification number 617
100 ## - Rafti
Rafti 6
101 ## - Shkurtesa
Shkurtesa shm
245 ## - TITLE STATEMENT
Title KIRURGJIA LAPAROSKOPIKE
Statement of responsibility, etc KRASNIQI, S
942 ## - ADDED ENTRY ELEMENTS (KOHA)
Source of classification or shelving scheme
Item type Books
Holdings
Withdrawn status Lost status Source of classification or shelving scheme Damaged status Not for loan Collection code Permanent location Current location Shelving location Date acquired Total Checkouts Full call number Barcode Date last seen Price effective from Koha item type
          Koleksioni i përgjithshem UBT - Lipjan UBT - Lipjan Koleksioni i përgjithshem 06/20/2017   617 KRA 002-2906839 06/20/2017 06/20/2017 Books
          Koleksioni i përgjithshem UBT - Lipjan UBT - Lipjan Koleksioni i përgjithshem 06/20/2017   617 KRA 002-2906834 06/20/2017 06/20/2017 Books
          Koleksioni i përgjithshem UBT - Lipjan UBT - Lipjan Koleksioni i përgjithshem 06/20/2017   617 KRA 002-2906838 06/20/2017 06/20/2017 Books
          Koleksioni i përgjithshem UBT - Lipjan UBT - Lipjan Koleksioni i përgjithshem 06/20/2017   617 KRA 002-2906833 06/20/2017 06/20/2017 Books
          Koleksioni i përgjithshem UBT - Lipjan UBT - Lipjan Koleksioni i përgjithshem 06/20/2017   617 KRA 002-2906837 06/20/2017 06/20/2017 Books
          Koleksioni i përgjithshem UBT - Lipjan UBT - Lipjan Koleksioni i përgjithshem 06/20/2017   617 KRA 002-2906832 06/20/2017 06/20/2017 Books
          Koleksioni i përgjithshem UBT - Lipjan UBT - Lipjan Koleksioni i përgjithshem 06/20/2017   617 KRA 002-2906836 06/20/2017 06/20/2017 Books
          Koleksioni i përgjithshem UBT - Lipjan UBT - Lipjan Koleksioni i përgjithshem 06/20/2017   617 KRA 002-2906831 06/20/2017 06/20/2017 Books
UBT Library © 2015-2024. All rights reserved University Education for Business and Technology